000 01392cam a22003974i 4500
003 PE-LiUPU
005 20250731175644.0
008 150616s r 000 0 d
035 _a(Sirsi) a6093
035 _a(Sirsi) a6093
040 _aPE-LiUPU
_bspa
_cPE-LiUPU
_erda
049 _aPRUA
082 0 4 _a492.42903
_bH733c
_223
100 1 _aHolladay, William L.,
_eautor.
245 1 2 _aA Concise Hebrew And Aramaic Lexicon of the Old Testament /
_cHolladay, William L.; revisado por Leona G. Running.
264 1 _aMichigan :
_bWm. B. Eerdmans,
_c1971.
300 _a425 páginas ;
_c24 centímetros.
336 _atext
_2rdacontent
337 _aunmediated
_2rdamedia
338 _avolume
_2rdacarrier
505 0 _aDiccionario bíblico Hebreo-Arameo.
526 _aP145
526 _aP127
526 _aP97
526 _aP35
526 _aP14
526 _aP07
630 _aBiblia.
_pA.T.
_xLenguaje, estilo.
650 0 4 _aHebreo bíblico
_vDiccionarios
_xInglés.
650 0 4 _aArameo
_vDiccionarios
_xInglés.
910 _ajck
942 _2ddc
_cBK
_n0
949 _aRC 492.42903 H733c
_wDEWEY
_c1
_i14024
_lRC
_mBUL
_r0
_sY
_tBOOK
_u2015-6-16
_xTEOLOGIA
_zUNKNOWN
_0COMPRA
_o.CIRCNOTE. No olvidar cambiar la fecha de devolución!!!!!!!
_o.STAFF. Colección General
980 _81
_gALBERTO SANCHEZ Responsable de Automatización
999 _c57189
_d57189